Tilastot visalle Intiaa lähimpänä olevat valtiot

Klikkaa tästä pelataksesi tätä visaa!

Yleistilastot

  • Tätä visaa on pelattu 322 kertaa
  • Keskiarvotulos 17 / 20

Vastaustilastot

KilometritValtioMailit% Oikein
0Kiina0
97%
0Nepal0
96%
0Pakistan0
95%
1Sri Lanka1
92%
211Afganistan131
92%
0Bangladesh0
91%
0Myanmar0
89%
486Thaimaa302
89%
717Laos445
87%
0Bhutan0
85%
721Vietnam448
85%
613Iran381
84%
277Tadžikistan172
80%
733Turkmenistan455
79%
525Kirgisia326
78%
617Uzbekistan384
78%
632Malesia393
75%
808Kazakstan502
75%
172Indonesia107
74%
130Malediivit81
73%

Tulosjakauma

Persentiili vastausten määrän mukaan

Jokaisen tuloksen saaneiden osuus

Tuloshistoriasi

Et ole pelannut tätä visaa